Trade and environment : challenge for developing economies.

Bibliographic Details
Corporate Author: Kitikiti
Format: Book
Published: Harere: ZERO, 1996.
Series:ZERO working paper series; no. 42
LEADER 00455cam a2200157 7i4500
001 0000006526
005 19991025090000.0
002 ##000008218
020 0 0 |a 0-7974-1679-X  
090 0 0 |a I 380.1   |b KIT 
110 0 0 |a Kitikiti 
245 0 0 |a Trade and environment :   |b challenge for developing economies. 
260 0 0 |a Harere:   |b ZERO,   |c 1996. 
300 0 0 |a 20 p.. 
440 0 0 |a ZERO working paper series;   |v no. 42 
999 |a 0000009265  |b Book  |c Open shelf  |e Business Information Centre